<?xml version="1.0" encoding="UTF-8"?><?xml-stylesheet type="text/xsl" href="static/style.xsl"?><OAI-PMH xmlns="http://www.openarchives.org/OAI/2.0/" xmlns:xsi="http://www.w3.org/2001/XMLSchema-instance" xsi:schemaLocation="http://www.openarchives.org/OAI/2.0/ http://www.openarchives.org/OAI/2.0/OAI-PMH.xsd"><responseDate>2026-04-28T19:28:46Z</responseDate><request verb="GetRecord" identifier="oai:uvadoc.uva.es:10324/7287" metadataPrefix="marc">https://uvadoc.uva.es/oai/request</request><GetRecord><record><header><identifier>oai:uvadoc.uva.es:10324/7287</identifier><datestamp>2022-09-13T12:37:49Z</datestamp><setSpec>com_10324_38</setSpec><setSpec>col_10324_852</setSpec></header><metadata><record xmlns="http://www.loc.gov/MARC21/slim" xmlns:doc="http://www.lyncode.com/xoai" xmlns:xsi="http://www.w3.org/2001/XMLSchema-instance" xmlns:dcterms="http://purl.org/dc/terms/" xsi:schemaLocation="http://www.loc.gov/MARC21/slim http://www.loc.gov/standards/marcxml/schema/MARC21slim.xsd">
<leader>00925njm 22002777a 4500</leader>
<datafield tag="042" ind1=" " ind2=" ">
<subfield code="a">dc</subfield>
</datafield>
<datafield tag="720" ind1=" " ind2=" ">
<subfield code="a">Peños Cañadas, Erika</subfield>
<subfield code="e">author</subfield>
</datafield>
<datafield tag="260" ind1=" " ind2=" ">
<subfield code="c">2014</subfield>
</datafield>
<datafield tag="520" ind1=" " ind2=" ">
<subfield code="a">A lo largo del tiempo, se ha llegado a creer que ciertas actividades extraescolares incitaban a llevar a cabo conductas agresivas contra los demás, pero se ha podido comprobar que en realidad no es así, que lo que de verdad hace que los niños tengan conductas agresivas en las actividades extraescolares es una serie de factores que influyen directamente sobre el niño. Existen una serie de claves que nos ayudan a encontrar el motivo por el que puede existir esa agresividad y gracias a ellos podemos ayudar a los niños a controlar esa agresividad.</subfield>
</datafield>
<datafield tag="024" ind2=" " ind1="8">
<subfield code="a">http://uvadoc.uva.es/handle/10324/7287</subfield>
</datafield>
<datafield ind1=" " ind2=" " tag="653">
<subfield code="a">Agresividad en el niño</subfield>
</datafield>
<datafield tag="245" ind1="0" ind2="0">
<subfield code="a">Actividades extraescolares: ¿De verdad llevan a la violencia?</subfield>
</datafield>
</record></metadata></record></GetRecord></OAI-PMH>